| 000 | 00406nam a2200157Ia 4500 | ||
|---|---|---|---|
| 100 | _aJoshi/ Lakshmanan Shastri | ||
| 650 | _aGeneral | ||
| 942 | _cRB | ||
| 654 | _aMarthi Vishwakosh .( Dictonary) | ||
| 245 | _aMarathi Vishwakosh ( Dictonary). VOL-VIII | ||
| 260 |
_bMaharashtra Rajya Sahahatya Sanskruti. _aMumbai _c1976 |
||
| 082 |
_a39.9 _bJos |
||
| 300 | _a2276 | ||
| 546 | _aMARATHI | ||
| 999 |
_c31037 _d31037 |
||